000
00306nam a22001217a 4500
020
_a
81-8022-096-6
100
_a
PRIORITY PUBLICATIONS
245
_a
MY LITTLE BOOK OF GRAMMAR POSSESSION
260
_a
INDIA
_b
PRIORITY PUBLICATIONS
300
_a
12
650
_a
MY LITTLE BOOK OF GRAMMAR
_z
INDIA
942
_c
BK
999
_c
4984
_d
4984